Surprise puppy! / (Record no. 1780)

MARC details
000 -LEADER
fixed length control field 01515cam a22004577a 4500
001 - CONTROL NUMBER
control field 1780
003 - CONTROL NUMBER IDENTIFIER
control field FISKH
005 - DATE AND TIME OF LATEST TRANSACTION
control field 20230929085656.0
008 - FIXED-LENGTH DATA ELEMENTS--GENERAL INFORMATION
fixed length control field 120918r20121998nyua j 001 1 eng d
010 ## - LIBRARY OF CONGRESS CONTROL NUMBER
LC control number 2012418504
020 ## - INTERNATIONAL STANDARD BOOK NUMBER
International Standard Book Number 9780756692940
020 ## - INTERNATIONAL STANDARD BOOK NUMBER
International Standard Book Number 0756692946
020 ## - INTERNATIONAL STANDARD BOOK NUMBER
International Standard Book Number 9780756692957 (pbk.)
020 ## - INTERNATIONAL STANDARD BOOK NUMBER
International Standard Book Number 0756692954 (pbk.)
035 ## - SYSTEM CONTROL NUMBER
System control number (OCoLC)ocn795756243
040 ## - CATALOGING SOURCE
Original cataloging agency SRC
Transcribing agency SRC
Modifying agency WL8
-- OCLCO
-- IEP
-- UPZ
-- DLC
Language of cataloging eng
042 ## - AUTHENTICATION CODE
Authentication code lccopycat
050 00 - LIBRARY OF CONGRESS CALL NUMBER
Classification number PZ7.W15397
Item number Su 2012
082 04 - DEWEY DECIMAL CLASSIFICATION NUMBER
Classification number 636.7/07
Edition number 23
100 1# - MAIN ENTRY--PERSONAL NAME
Personal name Walker-Hodge, Judith.
245 10 - TITLE STATEMENT
Title Surprise puppy! /
Statement of responsibility, etc. written by Judith Walker-Hodge.
260 ## - PUBLICATION, DISTRIBUTION, ETC.
Place of publication, distribution, etc. New York :
Name of publisher, distributor, etc. DK,
Date of publication, distribution, etc. 2012.
300 ## - PHYSICAL DESCRIPTION
Extent 32 pages :
Other physical details color illustrations ;
Dimensions 24 cm.
490 0# - SERIES STATEMENT
Series statement DK readers. 1, beginning to read
500 ## - GENERAL NOTE
General note Reprint. Originally published: 1998.
505 ## - FORMATTED CONTENTS NOTE
Formatted contents note J<br/>
520 ## - SUMMARY, ETC.
Summary, etc. Describes what is involved when a puppy comes to stay with a family.
521 8# - TARGET AUDIENCE NOTE
Target audience note 490<br/>
Source Lexile<br/>
521 8# - TARGET AUDIENCE NOTE
Target audience note J<br/>
Source Raz-Plus<br/>
650 #0 - SUBJECT ADDED ENTRY--TOPICAL TERM
Topical term or geographic name entry element Puppies
Form subdivision Juvenile fiction.
650 #0 - SUBJECT ADDED ENTRY--TOPICAL TERM
Topical term or geographic name entry element Dogs
Form subdivision Juvenile fiction.
650 #0 - SUBJECT ADDED ENTRY--TOPICAL TERM
Topical term or geographic name entry element Pets
Form subdivision Juvenile fiction.
650 #0 - SUBJECT ADDED ENTRY--TOPICAL TERM
Topical term or geographic name entry element Dogs.
650 #0 - SUBJECT ADDED ENTRY--TOPICAL TERM
Topical term or geographic name entry element Pets.
650 #1 - SUBJECT ADDED ENTRY--TOPICAL TERM
Topical term or geographic name entry element Dogs
Form subdivision Fiction.
650 #1 - SUBJECT ADDED ENTRY--TOPICAL TERM
Topical term or geographic name entry element Pets
Form subdivision Fiction.
856 42 - ELECTRONIC LOCATION AND ACCESS
Materials specified Publisher description
Uniform Resource Identifier <a href="http://www.loc.gov/catdir/enhancements/fy1304/2012418504-d.html">http://www.loc.gov/catdir/enhancements/fy1304/2012418504-d.html</a>
906 ## - LOCAL DATA ELEMENT F, LDF (RLIN)
a 7
b cbc
c copycat
d 2
e ncip
f 20
g y-gencatlg
942 ## - ADDED ENTRY ELEMENTS (KOHA)
Source of classification or shelving scheme Dewey Decimal Classification
Koha item type Books
Suppress in OPAC No
Holdings
Withdrawn status Lost status Source of classification or shelving scheme Damaged status Not for loan Collection Home library Current library Shelving location Date acquired Total Checkouts Full call number Barcode Date last seen Date last checked out Price effective from Koha item type
    Dewey Decimal Classification     Fiction Footprints International School Library Network Toul Kork Campus Footprints International School Library Network Toul Kork Campus TK Primary Library Room(4th Floor), Bookcase 1&2, Shelves 1-16, Dark Blue Books 09/29/2023 2 WAL 636.707 SF426.W35 FISTK02012 09/09/2024 08/12/2024 09/29/2023 Books